| 000 | 01097nam a2200181Ia 4500 | ||
|---|---|---|---|
| 008 | 151202s9999||||xx |||||||||||||| ||und|| | ||
| 082 | _bPNVM-86583 | ||
| 100 | _aकॉलिन्स सुझँन / अनु-बोरसे सु्मिता | ||
| 245 | _aद हंगर गेम्स झपाटून टाकणारी थरारक आणि लक्षवेधी कादंबरी | ||
| 260 | _b"डायमंड पब्लिकेशन्स, पुणे " | ||
| 260 | _c2015 | ||
| 300 | _a320 | ||
| 600 | _aकॉलिन्स सुझँन / अनु-बोरसे सु्मिता | ||
| 630 | _aद हंगर गेम्स झपाटून टाकणारी थरारक आणि लक्षवेधी कादंबरी | ||
| 700 | _aकॉलिन्स सुझँन / अनु-बोरसे सु्मिता | ||
| 730 | _aद हंगर गेम्स झपाटून टाकणारी थरारक आणि लक्षवेधी कादंबरी | ||
| 942 | _cBOOK | ||
| 999 |
_c1350629 _d1350626 |
||